Kuaile hanyu. (Record no. 109679)
[ view plain ]
| 000 -LEADER | |
|---|---|
| fixed length control field | 00321nam a2200145 a 4500 |
| 005 - DATE AND TIME OF LATEST TRANSACTION | |
| control field | 20140414093847.0 |
| 008 - FIXED-LENGTH DATA ELEMENTS--GENERAL INFORMATION | |
| fixed length control field | 100709s19uu xx 00 eng d |
| 020 ## - INTERNATIONAL STANDARD BOOK NUMBER | |
| International Standard Book Number | 7-88700-787-9 |
| 050 ## - LIBRARY OF CONGRESS CALL NUMBER | |
| Classification number | CD 495.1 |
| Item number | K95 2009 |
| 245 ## - TITLE STATEMENT | |
| Title | Kuaile hanyu. |
| 250 ## - EDITION STATEMENT | |
| Edition statement | 2009 |
| 260 ## - PUBLICATION, DISTRIBUTION, ETC. (IMPRINT) | |
| Place of publication, distribution, etc | China. |
| 942 ## - ADDED ENTRY ELEMENTS (KOHA) | |
| Koha item type | Audio Visual Materials |
| Withdrawn status | Lost status | Damaged status | Home library | Current library | Shelving location | Date acquired | Source of acquisition | Total Checkouts | Full call number | Barcode | Date last seen | Price effective from | Koha item type |
|---|---|---|---|---|---|---|---|---|---|---|---|---|---|
| Luxembourg Library | Luxembourg Library | Audio Visual Material Section | 07/09/2010 | CD 495.1 K95 2009 | AV1344 | 04/14/2014 | 04/14/2014 | Audio Visual Materials |